000 00308nam a2200133Ia 4500
005 20251222142019.0
008 251222s9999||||xx |||||||||||||| ||spa||
082 _a076.41/R44
100 _aRestán, José Luis
245 0 _aEl Coraje de Tomar Postura
250 _a1ra ed.
264 _bCOPE
942 _cLIB
999 _c10576
_d10576